000 00469nam a22001577a 4500
003 LK-CoMWRAF
005 20231027134659.0
008 231027b |||||||| |||| 00| 0 eng d
040 _aLK-CoMWRAF
_dLK-CoMWRAF
_eLK-CoMWRAF
041 _aeng
082 _a891.79
_bWRI
245 _aWritten in the book of life :
_bWorks by 19-20th century ukrainian writers
260 _aMoscow :
_bProgress publications,
_c1982
650 _a19-20th century writers--Ukrain
942 _cBK
999 _c4023
_d4023